000 00797nam a2200277 a 4500
001 50362
003 BD-RjUL
005 20211209075510.0
008 160824s1890 enk o 000 0 eng d
035 _a(BD-RjUL)50482
040 _aOCLCE
_beng
_cOCLCE
_dBD-RjUL
041 1 _aeng
_hger
082 _223
_a421.5
_bSTP 1890
084 _aHF 210
_2rvk
100 1 0 _aSweet, Henry
_9150915
245 1 2 _aA primer of spoken English /
_cHenry Sweet
250 _a4th ed., rev.
260 _aOxford :
_bClarendon Press,
_c1890
300 _axii, 97 p. ;
_c17 cm.
650 0 _aEnglish language
_xGrammar.
_9150917
650 0 _aEnglish language
_xPronunciation.
_9117012
856 4 0 _3Clarendon Press series
942 _2ddc
_cBK
999 _c50362
_d50362